Los orígenes del islam / (Record no. 53404)

MARC details
000 -LEADER
campo de control de longitud fija 00738nam a2200253 i 4500
001 - NÚMERO DE CONTROL
campo de control 53404
003 - IDENTIFICADOR DE NÚMERO DE CONTROL
campo de control ES-MaACL
005 - FECHA Y HORA DE LA ÚLTIMA TRANSACCIÓN
campo de control 20250801063023.0
007 - CAMPO FIJO DE DESCRIPCIÓN FÍSICA--INFORMACIÓN GENERAL
campo de control de longitud fija t|
008 - DATOS DE LONGITUD FIJA--INFORMACIÓN GENERAL
campo de control de longitud fija 031023s2001 sp ||||0| spa j
020 ## - NÚMERO INTERNACIONAL ESTÁNDAR DEL LIBRO
Número Internacional Estándar del Libro 84-95359-62-6
040 ## - FUENTE DE CATALOGACIÓN
Centro catalogador/agencia de origen M-BN
Lengua de catalogación spa
Centro/agencia transcriptor M-BN
080 ## - NÚMERO DE LA CLASIFICACIÓN DECIMAL UNIVERSAL
Número de la Clasificación Decimal Universal 94(100):297
100 1# - ENTRADA PRINCIPAL--NOMBRE DE PERSONA
Nombre de persona Vernet, Juan,
Fechas asociadas al nombre 1923-2011
9 (RLIN) 114171
245 14 - MENCIÓN DEL TÍTULO
Título Los orígenes del islam /
Mención de responsabilidad, etc. Juan Vernet.
250 ## - MENCION DE EDICION
Mención de edición 1ª ed. en El Acantilado.
260 ## - PUBLICACIÓN, DISTRIBUCIÓN, ETC.
Lugar de publicación, distribución, etc. Barcelona :
Nombre del editor, distribuidor, etc. El Acantilado,
Fecha de publicación, distribución, etc. 2001.
300 ## - DESCRIPCIÓN FÍSICA
Extensión 261 p ;
Dimensiones 21 cm.
490 1# - MENCIÓN DE SERIE
Mención de serie El Acantilado ;
Designación de volumen o secuencia 50
651 #4 - PUNTO DE ACCESO ADICIONAL DE MATERIA--NOMBRE GEOGRÁFICO
Nombre geográfico Países musulmanes-
Subdivisión general Historia.
9 (RLIN) 9187
830 0# - PUNTO DE ACCESO ADICIONAL DE SERIE-TÍTULO UNIFORME
Título uniforme El Acantilado ;
Designación de volumen o secuencia 50
9 (RLIN) 179782
852 ## - LOCALIZACIÓN
Ubicación ES-MaACL
Número de control de estantería L-26546
Sublocalización o colección R.131205
Holdings
Estatus retirado Estado de pérdida Estado de daño No para préstamo Biblioteca de origen Biblioteca actual Ubicación en estantería Fecha de adquisición Fuente de adquisición Total de préstamos Signatura topográfica completa Código de barras Visto por última vez Precio de reemplazo Tipo de ítem Koha
        Biblioteca del Ateneo de Madrid Biblioteca del Ateneo de Madrid Depósito 2 17/01/2008     L-26546 1056114 23/02/2023 23/02/2023 Libro impreso